00621nam a2200193 a 4500008004100000020001800041050001600059110002000075245006600095260004700161300001600208350000900224490005000233650001100283650004100294650003000335650003700365650002500402100120s2002 ||||||||||||||||| || u a9780855985011 aHQ 1240 Nat aOxfam GB, 1942-10aNatural resources management and gender: a global source book aAmsterdam:bRoyal Tropical Institutec2002 a136p.; ill. a0.00 aCritical reviews and annotated bibliographies aGENDER aSUSTAINABLE DEVELOPMENT--ARAB REGION aWOMEN AND THE ENVIRONMENT 7aENVIRONMENTAL MANAGEMENT2unbist 0aWOMEN IN DEVELOPMENT